000 00361nam a2200133Ia 4500
008 240624s9999 xx 000 0 und d
041 _aeng
082 _a658.4034 HIL
100 _aHILLIER FREDERICK S
245 _aINTRODUCTION TO OPERATIONS RESEARCH
250 _a(7th ed.)
260 _c2003
_aNew Delhi
_bTata McGrawhill
300 _axxix, : 1214 : p. : cm. ; 24
999 _c726
_d726